| 000 | 00665nam a2200253Ia 4500 | ||
|---|---|---|---|
| 003 | OSt | ||
| 005 | 20220918174418.0 | ||
| 006 | a|||||r|||| 00| 0 | ||
| 007 | ta | ||
| 008 | 220917b |||||||| |||| 00| 0 eng d | ||
| 024 | _a12,007 | ||
| 037 | _cTextual | ||
| 040 |
_aARTS _cARTS _beng |
||
| 041 |
_2eng _aeng |
||
| 082 | _aMX:513, N6 | ||
| 100 |
_aBanerjee Subrata _950375 |
||
| 245 | 0 | _aAdvertising as a career | |
| 260 |
_aDelhi _bNational book trust India _c1996 |
||
| 300 |
_a218p. _ccm. |
||
| 490 | _aYoung India Library | ||
| 650 | _aINDUSTRIAL ARTS | ||
| 942 |
_hMX:513, N6 _cTEXL _2CC |
||
| 999 |
_c153062 _d153062 |
||